Superutilidades para JavaServer Pages (Registro nro. 1561)
[ vista simple ]
| 000 -CABECERA | |
|---|---|
| campo de control de longitud fija | 00844aam a2200313 4500 |
| 005 - FECHA Y HORA DE ACTUALIZACIÓN | |
| campo de control | 20230627184114.0 |
| 008 - LONGITUD FIJA | |
| campo de control de longitud fija | 150702b2002 xxu||||| |||| 00| 0 spa d |
| 041 ## - IDIOMA | |
| Código de idioma del texto/pista de sonido o título separado | Español |
| 082 ## - CLASIFICACIÓN DECIMAL DEWEY | |
| Número de clasificación | 005.13 T789s |
| 100 ## - AUTOR PERSONAL | |
| Nombre de persona | Tremblett, Paul |
| 245 ## - TÍTULO PROPIAMENTE DICHO | |
| Título | Superutilidades para JavaServer Pages |
| 260 ## - PIE DE IMPRENTA | |
| Lugar de publicación, distribución, etc. | México |
| 260 ## - PIE DE IMPRENTA | |
| Nombre del editor, distribuidor, etc. | McGraw-Hill |
| 260 ## - PIE DE IMPRENTA | |
| Fecha de publicación, distribución, etc. | 2002 |
| 300 ## - DESCRIPCIÓN FÍSICA | |
| Extensión | 525 páginas |
| 505 ## - Nota de Contenido | |
| Nota de contenido | CONTIENE DISCO COMPACTO N° 284 |
| 650 ## - Materia General | |
| Materia general | LENGUAJES DE PROGRAMACIÓN |
| 650 ## - Materia General | |
| Materia general | JAVA SERVER PAGES |
| 650 ## - Materia General | |
| Materia general | JSP |
| 650 ## - Materia General | |
| Materia general | IMPLEMENTACIÓN |
| 650 ## - Materia General | |
| Materia general | XML |
| 650 ## - Materia General | |
| Materia general | COMERCIO ELECTRÓNICO |
| 650 ## - Materia General | |
| Materia general | XML |
| 650 ## - Materia General | |
| Materia general | INTRANET |
| 650 ## - Materia General | |
| Materia general | BASES DE DATOS |
| 650 ## - Materia General | |
| Materia general | POSTGRESQL |
| 650 ## - Materia General | |
| Materia general | INSTALACIÓN |
| 942 ## - Punto de Acceso Adicional Koha | |
| Tipo de ítem Koha | Libro |
| Estado perdido | Estado dañado | No para préstamo | Biblioteca permanente | Biblioteca actual | Signatura completa | Código de barras | Precio efectivo a partir del | Tipo de ítem |
|---|---|---|---|---|---|---|---|---|
| Departamento de Biblioteca y Documentación Alfonso Chase Brenes | Departamento de Biblioteca y Documentación Alfonso Chase Brenes | 005.13 T789s | 4254 | 14/10/2016 | Libro | |||
| Departamento de Biblioteca y Documentación Alfonso Chase Brenes | Departamento de Biblioteca y Documentación Alfonso Chase Brenes | 005.13 T789s | 284DC | Disco Compacto |